书目信息 |
| 题名: |
Visual FoxPro数据库程序设计习题解答与上机指导
|
|
| 作者: | 朱扬清 主编 | |
| 分册: | ||
| 出版信息: | 北京 中国铁道出版社 2005 |
|
| 页数: | 242页 | |
| 开本: | 26cm | |
| 丛书名: | ||
| 单 册: | ||
| 中图分类: | TP311.138FO , TP311.138 | |
| 科图分类: | ||
| 主题词: | 关系数据库--数据库管理系统--高等学校--教学参考资料 , 数据库管理系统 , 关系数据库 | |
| 电子资源: | ||
| ISBN: | 7-113-06337-3 | |
| 000 | 01098nam0 2200301 450 | |
| 000 | 01077nam0 2200289 450 | |
| 000 | 01003nam0 2200265 450 | |
| 000 | 00967nam0 2200253 45 | |
| 005 | 20070606064318.81 | |
| 010 | @a7-113-06337-3@dCNY20.00 | |
| 100 | @a20070518d2005 em y0chiy0120 ea | |
| 101 | 0 | @achi |
| 102 | @aCN@b110000 | |
| 105 | @ay qz 000yy | |
| 200 | 1 | @aVisual FoxPro数据库程序设计习题解答与上机指导@AVisual FoxPro Shu Ju Ku Cheng Xu She Ji Xi Ti Jie Da Yu Shang Ji Zhi Dao@f朱扬清主编@FZhu Yang Qing Zhu Bian |
| 210 | @a北京@c中国铁道出版社@d2005 | |
| 215 | @a242页@d26cm | |
| 300 | @a21世纪大学计算机基础规划教材 | |
| 330 | @a本书分为两部分,包括“理论题解及全国计算机等级水平理论考试模拟题”和“上机指导及上机考试模拟题”,包括单选、多选、填空、判断等题型。 | |
| 606 | 0 | @a关系数据库@x数据库管理系统@x高等学校@j教学参考资料 |
| 606 | 0 | @a数据库管理系统 |
| 606 | 0 | @a关系数据库 |
| 610 | @aFoxPro | |
| 690 | @aTP311.138FO@v4 | |
| 690 | @aTP311.138@v3 | |
| 701 | 0 | @a朱扬清@AZhu Yang Qing@4主编 |
| 801 | 0 | @aCN@bTAOJIN@c20070606 |
| 905 | @a10447@dTP311.138@e282 | |
| Visual FoxPro数据库程序设计习题解答与上机指导/朱扬清主编.-北京:中国铁道出版社,2005 |
| 242页;26cm |
| 21世纪大学计算机基础规划教材 |
| ISBN 7-113-06337-3:CNY20.00 |
| 本书分为两部分,包括“理论题解及全国计算机等级水平理论考试模拟题”和“上机指导及上机考试模拟题”,包括单选、多选、填空、判断等题型。 |
| ● |
| 相关链接 |
|
|
|
|
正题名:Visual FoxPro数据库程序设计习题解答与上机指导
索取号:TP311.138/282
 
预约/预借
| 序号 | 登录号 | 条形码 | 馆藏地/架位号 | 状态 | 备注 |
| 1 | 0525616 | 205256168 | 第二样本阅览室/ [索取号:TP311.138/282] | 在馆 | |
| 2 | 0525617 | 205256177 | 密集书库/ [索取号:TP311.138/282] | 在馆 | |
| 3 | 0525618 | 205256186 | 第三借阅区/ [索取号:TP311.138/282] | 在馆 | |
| 4 | 0525619 | 205256195 | 密集书库/ [索取号:TP311.138/282] | 在馆 | |
| 5 | 0525620 | 205256202 | 第三借阅区/ [索取号:TP311.138/282] | 在馆 | |
| 6 | 0525621 | 205256211 | 密集书库/ [索取号:TP311.138/282] | 在馆 | |
| 7 | 0525622 | 205256220 | 第三借阅区/ [索取号:TP311.138/282] | 在馆 | |
| 8 | 0525623 | 205256239 | 第三借阅区/ [索取号:TP311.138/282] | 在馆 | |
| 9 | 0525624 | 205256248 | 密集书库/ [索取号:TP311.138/282] | 在馆 | |
| 10 | 0525625 | 205256257 | 密集书库/ [索取号:TP311.138/282] | 在馆 | |
| 11 | 0525626 | 205256266 | 第三借阅区/ [索取号:TP311.138/282] | 在馆 | |
| 12 | 0525627 | 205256275 | 密集书库/ [索取号:TP311.138/282] | 在馆 | |
| 13 | 0525628 | 205256284 | 密集书库/ [索取号:TP311.138/282] | 在馆 | |
| 14 | 0525629 | 205256293 | 密集书库/ [索取号:TP311.138/282] | 在馆 | |
| 15 | 0525630 | 205256300 | 第三借阅区/ [索取号:TP311.138/282] | 在馆 | |
| 16 | 0525631 | 205256319 | 第三借阅区/ [索取号:TP311.138/282] | 在馆 | |
| 17 | 0525632 | 205256328 | 第三借阅区/ [索取号:TP311.138/282] | 在馆 | |
| 18 | 0525633 | 205256337 | 密集书库/ [索取号:TP311.138/282] | 在馆 | |
| 19 | 0525634 | 205256346 | 第三借阅区/ [索取号:TP311.138/282] | 在馆 | |
| 20 | 0525635 | 205256355 | 密集书库/ [索取号:TP311.138/282] | 在馆 | |
| 21 | 0525636 | 205256364 | 密集书库/ [索取号:TP311.138/282] | 在馆 | |
| 22 | 0525637 | 205256373 | 密集书库/ [索取号:TP311.138/282] | 在馆 | |
| 23 | 0525638 | 205256382 | 第三借阅区/ [索取号:TP311.138/282] | 在馆 |